00338nam a2200145Ia 4500008004000000041000800040082001200048100001500060245003300075260003900108650000700147650001200154650001300166650001300179210210b1898 xxu||||| |||| 00| 0 eng d aeng a940/115 aHASSAL (A) aHandbook of European history aLondonbMacmillan & Co. Ltd.c1898 aof ahistory aHandbook aEuropean